00710nam a2200241 a 4500001001300000003000900013005001700022008004100039020002300080082001700103100002100120245003700141260003500178300000900213500003500222505001700257650002300274700002100297902000800318942000700326952011800333999001700451nice12345678IN_TiNIC20260116014334.0100111s2009 dela grp 000 0 eng  a9789380009032c39500a303.668bFIR aFirdous, Tabasum aPeace Strategies in Central Asia aDelhi bReadworthy Pub. c2009 a128p aincludes index and biblioraphy2 aBibliography aPeace-Central Asia1 aFirdous, Tabasum bSRS cBK 001040708StackRoom-aHMIbHMId2010-01-11g395.00l0o303.668 FIRp022975r2010-01-11v395.00w2010-01-11yBK c14886d14886